01386cam a2200265 4500001001300000003000400013005001700017008004100034010002300075040003500098050002400133082001600157110002900173245031300202260002600515300006300541490006100604500012400665500010700789504002900896650004500925710004800970710003701018830006501055gs 67000280 DLC20260227111421.0700605s1966 cauab b 00010 eng c ags 67000280 //r852 aU.S. Geological Survey Library0 aTN24.C2bA3 no. 191 a333.8/0979420aGeological Survey (U.S.)10aMineral resources of California.b[Report of the U.S. Geological Survey in collaboration with the California Division of Mines and Geology and the U.S. Bureau of Mines,cprepared at the request of Senator Thomas H. Kuchel of California of the Committee on Interior and Insular Affairs, United States Senate.]0 aSan Francisco,c1966. avii, 450 p.billus., maps (1 fold. col. in pocket)c24 cm.1 aCalifornia. Division of Mines and Geology. Bulletinv191 aIssued also as Committee print, U.S. 89th Cong., 2d sess., entitled: Mineral and water resources of California, part 1. a"Part II a companion volume dealing with water, not distributed by the Division of Mines and Geology." aIncludes bibliographies. 0aMines and mineral resourceszCalifornia.10aCalifornia.bDivision of Mines and Geology.10aUnited States.bBureau of Mines. 0aBulletin (California. Division of Mines and Geology) ;v191.